| 000 | 00852cam a22002414a 4500 | ||
|---|---|---|---|
| 001 | 11963323 | ||
| 005 | 20241214104510.0 | ||
| 008 | 000404s2001 maua b 001 0 eng | ||
| 020 | _a9780073038698 | ||
| 050 | 0 | 0 |
_aQL805 _b.K43 2001 |
| 082 | 0 | 0 |
_a571.3/16 _221 |
| 100 | 1 |
_aKent, George C. _q(George Cantine), _d1914- |
|
| 245 | 1 | 0 |
_aComparative anatomy of the vertebrates / _cGeorge C. Kent, Robert K. Carr. |
| 250 | _a9th ed. | ||
| 260 |
_aBoston : _bMcGraw Hill, _cc2001. |
||
| 300 |
_axvii, 524 p. : _bill. (some col.) ; _c29 cm. |
||
| 650 | 0 |
_aVertebrates _xAnatomy. |
|
| 650 | 0 | _aAnatomy, Comparative. | |
| 700 | 1 | _aCarr, Robert K. | |
| 856 | 4 | 2 |
_3Publisher description _uhttp://www.loc.gov/catdir/description/mh021/00038680.html |
| 856 | 4 | 1 |
_3Table of contents _uhttp://www.loc.gov/catdir/toc/mh021/00038680.html |
| 942 |
_2lcc _cBK _e9th ed. _n0 |
||
| 999 |
_c2200 _d2200 |
||